000 02260nab a2200229 ab4500
005 20260219115415.0
008 251016c2025 ck fr p#o# #00| spa d
003
040 _aMX-MxUPN
_bspa
_cMX-MxUPN
_eaacr2
100 1 _aRestrepo Betancur, Luis Fernando
_958840
245 1 _aConsumo de alcohol en el mundo en las últimas tres décadas
_h[recurso electrónico en línea]
506 0 _aAcceso abierto
520 3 _aSon innegables los efectos nocivos del alcohol sobre la salud de las personas. En este sentido, diferentes estudios han demostrado sus efectos negativos en enfermedades como la cirrosis hepática, pancreatitis, algunos tipos de cáncer, enfermedades mentales y, adicionalmente, daños y complicaciones para el feto en las mujeres en embarazo. El objetivo del estudio consiste en evaluar el consumo de alcohol a nivel mundial en las últimas tres décadas. La investigación es de tipo descriptivo-comparativo con un enfoque longitudinal. Dentro de las variables evaluadas figuran: proporción de la población con trastorno por consumo de alcohol, tasa de mortalidad por trastorno de consumo de alcohol, número de personas con desordenes de alcoholismo. Se empleó la técnica multivariada MANOVA, detectando diferencia estadística entre las diferentes regiones del mundo. Norteamérica, Europa Oriental y Oceanía presentan las estadísticas de mayor impacto en relación con el consumo de alcohol y defunciones ocasionadas por tal causa. Las muertes por trastorno de alcohol han aumentado en el tiempo de manera significativa. El consumo de bebidas alcohólicas es detonante de una serie de trastornos neuropsiquiátricos y de enfermedades consideradas no transmisibles, como afecciones cardiacas, cáncer y cirrosis hepática, entre otras, convirtiéndose en un problema de salud pública.
_cPsychologia.
650 4 _aAlcoholismo
_92121
653 _aAdicciones
650 2 _aEnfermedades crónicas
_99630
773 _gVol. 19, no. 2, (2025), p. 63-73
_tPsychologia : avances de la disciplina
_x1900-2386
856 4 _uhttps://revistas.usb.edu.co/index.php/Psychologia/article/view/7238
856 4 _uhttps://revistas.usb.edu.co/index.php/Psychologia/article/view/7238/5694
902 _aLeonor Sotres/190226
942 _cART-E
999 _c214652
_d214652